Tribuna del Ateneo / (Registro nro. 189928)
[ vista simple ]
| 000 -LEADER | |
|---|---|
| campo de control de longitud fija | 01354nas a2200313 i 4500 |
| 001 - NÚMERO DE CONTROL | |
| campo de control | 189928 |
| 003 - IDENTIFICADOR DE NÚMERO DE CONTROL | |
| campo de control | ES-MaACL |
| 005 - FECHA Y HORA DE LA ÚLTIMA TRANSACCIÓN | |
| campo de control | 20251105125236.0 |
| 008 - DATOS DE LONGITUD FIJA--INFORMACIÓN GENERAL | |
| campo de control de longitud fija | 200113c2019 sp m| p | b||pa d |
| 245 00 - MENCIÓN DEL TÍTULO | |
| Título | Tribuna del Ateneo / |
| Mención de responsabilidad, etc. | presentación, Odilo Domínguez. |
| 260 ## - PUBLICACIÓN, DISTRIBUCIÓN, ETC. | |
| Lugar de publicación, distribución, etc. | [Madrid : |
| Nombre del editor, distribuidor, etc. | Tribuna del Ateneo], |
| Fecha de publicación, distribución, etc. | 2019- |
| 300 ## - DESCRIPCIÓN FÍSICA | |
| Extensión | v. : |
| Otras características físicas | il. ; |
| Dimensiones | 30 cm. |
| 362 0# - FECHAS DE PUBLICACIÓN Y/O DESIGNACIÓN SECUENCIAL | |
| Fecha de publicación y/o designación secuencial | N. 1, nov. 2019-n. 4, feb. 2020. |
| 505 8# - NOTA DE CONTENIDO CON FORMATO | |
| Nota de contenido con formato | Contenido destacado: N. 1. El Ateneo de Madrid 200 años después / Ernesto García Camarero . Rasgos de identidad del Ateneo de Madrid / Daniel Pacheco - n. 2. El papel de los ateneos en España / Alejandro Ramón Díez Torre - n. 3. Mujeres hispanoamericanas en la tribuna del Ateneo (cap. I) / Marisol Donis |
| 594 ## - Nota al título y mención de responsabilidad | |
| Nota al título y mención de responsabilidad | Tít. tomado de cub. |
| 610 24 - PUNTO DE ACCESO ADICIONAL DE MATERIA--NOMBRE DE ENTIDAD CORPORATIVA | |
| Nombre de entidad corporativa o nombre de jurisdicción como elemento de entrada | Ateneo de Madrid- |
| Subdivisión de forma | Historia |
| 9 (RLIN) | 1925 |
| 650 #7 - PUNTO DE ACCESO ADICIONAL DE MATERIA--TÉRMINO DE MATERIA | |
| Término de materia o nombre geográfico como elemento de entrada | Cultura |
| Fuente del encabezamiento o término | embne |
| 9 (RLIN) | 170963 |
| 700 1# - ENTRADA AGREGADA--NOMBRE PERSONAL | |
| Nombre de persona | Domínguez, Odilo |
| 9 (RLIN) | 169381 |
| 700 1# - ENTRADA AGREGADA--NOMBRE PERSONAL | |
| Nombre de persona | García Camarero, Ernesto, |
| Fechas asociadas al nombre | 1932-2022 |
| 9 (RLIN) | 54320 |
| 700 1# - ENTRADA AGREGADA--NOMBRE PERSONAL | |
| Nombre de persona | Pacheco Fernández, Daniel |
| 9 (RLIN) | 88132 |
| 700 1# - ENTRADA AGREGADA--NOMBRE PERSONAL | |
| Nombre de persona | Díez Torre, Alejandro R. |
| 9 (RLIN) | 44776 |
| 710 2# - ENTRADA AGREGADA--NOMBRE DE ENTIDAD CORPORATIVA | |
| 9 (RLIN) | 1875 |
| Nombre de entidad corporativa o nombre de jurisdicción como elemento de entrada | Ateneo de Madrid |
| Término indicativo de función/relación | Editor |
| 852 4# - LOCALIZACIÓN | |
| Ubicación | ES-MaACL |
| Número de control de estantería | Hem-1988 |
| itemnumber | 197073 |
| Ubicación en estantería | Hemeroteca |
| Nota libre | Donación Revista Viva |
| 866 #0 - MENCIÓN TEXTUAL DE FONDOS--UNIDAD BIBLIOGRÁFICA BÁSICA | |
| Fondos | 2019-2020 |
| Nota pública | Nº5 Ultimo 2020 |
| 903 ## - NOMBRE PERSONAL DE DONANTE | |
| 9 | 169381 |
| a | Domínguez, Odilo |
| e | Donante |
| 942 ## - ELEMENTOS DE ENTRADA SECUNDARIOS (KOHA) | |
| Fuente del sistema de clasificación o colocación | Clasificación decimal universal |
| Tipo de ítem Koha | Revista |
| Estatus retirado | Estado de pérdida | Fuente del sistema de clasificación o colocación | Estado de daño | No para préstamo | Colección | Biblioteca de origen | Biblioteca actual | Ubicación en estantería | Fecha de adquisición | Fuente de adquisición | Número de control de estantería | Total de préstamos | Signatura topográfica completa | Código de barras | Visto por última vez | Precio de reemplazo | Tipo de ítem Koha |
|---|---|---|---|---|---|---|---|---|---|---|---|---|---|---|---|---|---|
| Clasificación decimal universal | Periódicos y Revistas | Biblioteca del Ateneo de Madrid | Biblioteca del Ateneo de Madrid | Hemeroteca | 13/04/2005 | Donación | 1 | Hem-1988 | 1201478 | 23/02/2023 | 23/02/2023 | Revista |
